[Event "LSS CP-2007-Q-00008"]
[Site "LSS email"]
[Date "2009.01.15"]
[Round "?"]
[White "McLeod, Sylvester"]
[Black "St Arnaud, Pierre"]
[Result "1-0"]
[WhiteElo "2141"]
[BlackElo "2066"]
[PlyCount "71"]
[EventDate "2009.01.15"]
[EventType "tourn (corr)"]
[EventRounds "6"]
[EventCountry "GER"]
[SourceTitle "Corr 2011"]
[Source "ChessBase"]
[SourceDate "2010.08.31"]
[SourceVersion "1"]
[SourceVersionDate "2010.08.31"]
[SourceQuality "1"]

1. d4 Nf6 2. c4 e6 3. Nf3 b6 4. g3 Ba6 5. b3 d5 6. cxd5 exd5 7. Bg2 Bb4+ 8. Bd2 Bd6 9. 0-0 0-0 10. Nc3 Re8 11. Rc1 Nbd7 12. Re1 Ba3 13. Rc2 Bf8 14. Bg5 Bb7 15. Nd2 h6 16. Bf4 g5 17. Bxc7 Qxc7 18. Nxd5 Qb8 19. Nc7 Bxg2 20. Kxg2 Bb4 21. f3 Qb7 22. Nxa8 Qxa8 23. e4 g4 24. e5 Nd5 25. a3 Bxa3 26. Kg1 Bb4 27. Qe2 Nf8 28. Rd1 Rc8 29. Rxc8 Qxc8 30. Ne4 gxf3 31. Qxf3 Ng6 32. Rf1 Qe6 33. h4 Ba3 34. Kh2 Nf8 35. Nc3 Nxc3 36. Qxc3 1-0

[Event "LSS WC-2008-F-00006"]
[Site "LSS email"]
[Date "2008.11.12"]
[Round "?"]
[White "Andersen, Lars Kirstein"]
[Black "St Arnaud, Pierre"]
[Result "1-0"]
[WhiteElo "2053"]
[BlackElo "2066"]
[PlyCount "61"]
[EventDate "2008.11.12"]
[EventType "tourn (corr)"]
[EventRounds "14"]
[EventCountry "GER"]
[SourceTitle "Corr 2011"]
[Source "ChessBase"]
[SourceDate "2010.08.31"]
[SourceVersion "1"]
[SourceVersionDate "2010.08.31"]
[SourceQuality "1"]

1. Nf3 Nf6 2. g3 b5 3. Bg2 e6 4. 0-0 c5 5. d3 Bb7 6. Nbd2 Be7 7. e4 d6 8. Ne1 Nc6 9. c3 0-0 10. Nc2 Qc7 11. f4 Rfd8 12. g4 d5 13. g5 Nd7 14. Qh5 dxe4 15. Nxe4 Nf8 16. Ne1 Rab8 17. Be3 b4 18. Rf2 bxc3 19. bxc3 Ng6 20. Qh3 Ba6 21. Rd1 Bd6 22. Nxd6 Qxd6 23. Be4 Nce7 24. Ng2 Bb7 25. Rfd2 Nd5 26. Rc1 Nxe3 27. Qxe3 Bxe4 28. Qxe4 Ne7 29. Ne3 Nd5 30. Nxd5 exd5 31. Qe5 1-0

[Event "LSS WC-2008-F-00006"]
[Site "LSS email"]
[Date "2008.11.12"]
[Round "?"]
[White "Boyd, John Michael"]
[Black "St Arnaud, Pierre"]
[Result "1/2-1/2"]
[WhiteElo "2043"]
[BlackElo "2077"]
[PlyCount "34"]
[EventDate "2008.11.12"]
[EventType "tourn (corr)"]
[EventRounds "14"]
[EventCountry "GER"]
[SourceTitle "Corr 2011"]
[Source "ChessBase"]
[SourceDate "2010.08.31"]
[SourceVersion "1"]
[SourceVersionDate "2010.08.31"]
[SourceQuality "1"]

1. Nf3 Nf6 2. c4 e6 3. Nc3 c5 4. g3 b6 5. Bg2 Bb7 6. 0-0 Be7 7. d4 cxd4 8. Qxd4 d6 9. Bg5 a6 10. Bxf6 Bxf6 11. Qf4 0-0 12. Rfd1 Be7 13. Ne4 Bxe4 14. Qxe4 Ra7 15. Nd4 Qc8 16. b3 Bf6 17. Rd2 Qc5 1/2-1/2

[Event "LSS WC-2008-F-00006"]
[Site "LSS email"]
[Date "2008.11.12"]
[Round "?"]
[White "St Arnaud, Pierre"]
[Black "Peto, Peter"]
[Result "1/2-1/2"]
[WhiteElo "2059"]
[BlackElo "2048"]
[PlyCount "65"]
[EventDate "2008.11.12"]
[EventType "tourn (corr)"]
[EventRounds "14"]
[EventCountry "GER"]
[SourceTitle "Corr 2011"]
[Source "ChessBase"]
[SourceDate "2010.08.31"]
[SourceVersion "1"]
[SourceVersionDate "2010.08.31"]
[SourceQuality "1"]

1. c4 Nf6 2. g3 c5 3. Bg2 Nc6 4. Nc3 g6 5. e3 Bg7 6. Nge2 0-0 7. 0-0 d6 8. d4 Bg4 9. h3 Bxe2 10. Nxe2 cxd4 11. Nxd4 Rc8 12. b3 Nxd4 13. exd4 d5 14. c5 Ne4 15. Be3 e5 16. Rc1 f5 17. dxe5 Bxe5 18. Qd3 Qd7 19. b4 Rfd8 20. Rfd1 Qa4 21. Bd4 Bxd4 22. Qxd4 a5 23. bxa5 Qxa5 24. Qe5 Qxa2 25. Qe6+ Kh8 26. Bxe4 fxe4 27. Rb1 Rf8 28. Rf1 Rce8 29. Qd7 Rb8 30. Qd6 Rfe8 31. Rb6 e3 32. fxe3 Qa3 33. Qf6+ 1/2-1/2

[Event "LSS CP-2008-P-00054"]
[Site "LSS email"]
[Date "2008.10.01"]
[Round "?"]
[White "Orsolic, Marijan"]
[Black "St Arnaud, Pierre"]
[Result "1-0"]
[WhiteElo "2157"]
[BlackElo "2061"]
[PlyCount "65"]
[EventDate "2008.10.01"]
[EventType "tourn (corr)"]
[EventRounds "6"]
[EventCountry "GER"]
[SourceTitle "Corr 2011"]
[Source "ChessBase"]
[SourceDate "2010.08.31"]
[SourceVersion "1"]
[SourceVersionDate "2010.08.31"]
[SourceQuality "1"]

1. e4 e6 2. d4 d5 3. exd5 exd5 4. c4 Bb4+ 5. Nc3 Ne7 6. Nf3 0-0 7. Be2 Be6 8. 0-0 Bxc3 9. bxc3 dxc4 10. Ne5 Nd5 11. Qc2 b5 12. Bf3 f6 13. Ng4 Qd7 14. Ne3 Nc6 15. Ba3 Rfe8 16. Rfe1 a5 17. Bc5 Rab8 18. Be4 g6 19. Bf3 Kg7 20. a3 Bf7 21. g3 Nb6 22. Rab1 Na4 23. Red1 Ne7 24. Bxe7 Rxe7 25. d5 Rb6 26. Bg2 Re5 27. h3 Qe7 28. Qc1 Rxe3 29. fxe3 Qe5 30. Rd4 Qxg3 31. Qd2 Qd6 32. Qc1 Nc5 33. Qb2 1-0

[Event "LSS CP-2008-P-00054"]
[Site "LSS email"]
[Date "2008.10.01"]
[Round "?"]
[White "St Arnaud, Pierre"]
[Black "Squires, Michael B"]
[Result "1/2-1/2"]
[WhiteElo "2059"]
[BlackElo "1960"]
[PlyCount "82"]
[EventDate "2008.10.01"]
[EventType "tourn (corr)"]
[EventRounds "6"]
[EventCountry "GER"]
[SourceTitle "Corr 2011"]
[Source "ChessBase"]
[SourceDate "2010.08.31"]
[SourceVersion "1"]
[SourceVersionDate "2010.08.31"]
[SourceQuality "1"]

1. c4 Nf6 2. g3 g6 3. Bg2 Bg7 4. Nc3 0-0 5. d3 d6 6. Nf3 e5 7. 0-0 Nc6 8. Rb1 a5 9. a3 Re8 10. Nd2 Nd4 11. e3 Ne6 12. b4 axb4 13. axb4 c6 14. Qb3 Qc7 15. Nde4 Nxe4 16. Nxe4 f5 17. Nc3 Rf8 18. c5 Kh8 19. Na4 dxc5 20. bxc5 Ra6 21. Rd1 Qa5 22. Ra1 Qb5 23. Qc2 Nxc5 24. Ba3 Qxa4 25. Qxc5 Qb3 26. Rdb1 Qf7 27. Bb2 Rxa1 28. Rxa1 Re8 29. d4 Qb3 30. Qc1 exd4 31. Bxd4 Bxd4 32. exd4 Qf7 33. h4 f4 34. Ra8 fxg3 35. fxg3 Qf6 36. d5 Bd7 37. Rxe8+ Bxe8 38. Kh2 Bd7 39. Qa3 cxd5 40. Qa8+ Kg7 41. Qxb7 Qe6 1/2-1/2

[Event "LSS BI-2008-P-00014"]
[Site "LSS email"]
[Date "2008.04.27"]
[Round "?"]
[White "Roman, Adrenalyn"]
[Black "St Arnaud, Pierre"]
[Result "1/2-1/2"]
[WhiteElo "1870"]
[BlackElo "1974"]
[PlyCount "70"]
[EventDate "2008.04.27"]
[EventType "tourn (corr)"]
[EventRounds "10"]
[EventCountry "GER"]
[SourceTitle "Corr 2011"]
[Source "ChessBase"]
[SourceDate "2010.08.31"]
[SourceVersion "1"]
[SourceVersionDate "2010.08.31"]
[SourceQuality "1"]

1. e4 e6 2. d4 d5 3. Nc3 Nf6 4. e5 Nfd7 5. f4 c5 6. Nf3 Nc6 7. Be3 cxd4 8. Nxd4 Bc5 9. Qd2 0-0 10. 0-0-0 a6 11. Nb3 Bb4 12. Bd3 b5 13. Kb1 Qc7 14. h4 Rb8 15. h5 Nb6 16. a3 Be7 17. h6 g6 18. Qf2 Na4 19. Na2 a5 20. Qe2 Qb7 21. g4 b4 22. axb4 Nxb4 23. Nxb4 Bxb4 24. Bd4 Bd7 25. Qf2 Nxb2 26. Qh4 f5 27. Kxb2 a4 28. Ra1 Bb5 29. Qg3 Rfc8 30. gxf5 Bxd3 31. Qxd3 axb3 32. c3 Bxc3+ 33. Bxc3 d4 34. Qxd4 Rxc3 35. Kxc3 Qc6+ 1/2-1/2

[Event "LSS BI-2008-P-00014"]
[Site "LSS email"]
[Date "2008.04.27"]
[Round "?"]
[White "St Arnaud, Pierre"]
[Black "Grkinic, Goran"]
[Result "1/2-1/2"]
[WhiteElo "1974"]
[BlackElo "2113"]
[PlyCount "104"]
[EventDate "2008.04.27"]
[EventType "tourn (corr)"]
[EventRounds "10"]
[EventCountry "GER"]
[SourceTitle "Corr 2013"]
[Source "ChessBase"]
[SourceDate "2012.11.12"]
[SourceVersion "1"]
[SourceVersionDate "2012.11.12"]
[SourceQuality "1"]
[WhiteTeam "US of America"]
[BlackTeam "US of America"]
[WhiteTeamCountry "USA"]
[BlackTeamCountry "USA"]

1. c4 e5 2. g3 Nf6 3. Bg2 d5 4. cxd5 Nxd5 5. Nf3 Nc6 6. 0-0 Nb6 7. d3 Be7 8. Nbd2 0-0 9. b3 Be6 10. Bb2 f6 11. Rc1 Qd7 12. Ne4 Rad8 13. Qc2 Nd5 14. a3 Bh3 15. b4 Bxg2 16. Kxg2 a6 17. Ned2 Kh8 18. h3 Qe6 19. e4 Nb6 20. Nb3 Qf7 21. d4 exd4 22. Nbxd4 Nxd4 23. Bxd4 Bd6 24. Rfd1 Nd7 25. Nh4 Qe6 26. Nf5 Ne5 27. Nxd6 cxd6 28. Bxe5 fxe5 29. Qd3 Rd7 30. Rc2 h6 31. Qd5 Qxd5 32. Rxd5 Rf6 33. Rcd2 Re6 34. h4 Kg8 35. Kf3 Kf8 36. Ke3 Ke7 37. Rc2 Kd8 38. f4 h5 39. Kf3 Rc7 40. Rxc7 Kxc7 41. f5 Re8 42. Rd1 Kd7 43. g4 hxg4+ 44. Kxg4 Rc8 45. Kh5 Ke7 46. Kg6 Rc3 47. Kxg7 Rg3+ 48. Kh8 Rg4 49. h5 Rxe4 50. h6 Rg4 51. a4 e4 52. Rd4 Kf6 1/2-1/2

[Event "LSS BI-2008-P-00014"]
[Site "LSS email"]
[Date "2008.04.27"]
[Round "?"]
[White "St Arnaud, Pierre"]
[Black "Zakharov, Oleg Yu"]
[Result "1/2-1/2"]
[WhiteElo "1974"]
[BlackElo "1310"]
[PlyCount "74"]
[EventDate "2008.04.27"]
[EventType "tourn (corr)"]
[EventRounds "10"]
[EventCountry "GER"]
[SourceTitle "Corr 2022"]
[Source "ChessBase"]
[SourceDate "2021.10.24"]
[SourceVersion "1"]
[SourceVersionDate "2021.10.24"]
[SourceQuality "1"]

1. c4 Nf6 2. g3 g6 3. Bg2 Bg7 4. d4 c5 5. Nf3 Qa5+ 6. Nc3 Ne4 7. Qd3 cxd4 8. Nxd4 Nc5 9. Qd1 Nc6 10. e3 Ne6 11. 0-0 0-0 12. Nxe6 dxe6 13. Bd2 Qc5 14. Qe2 Rd8 15. Na4 Qf5 16. Bc3 Bxc3 17. Nxc3 Bd7 18. Rfd1 Rac8 19. b3 Qa5 20. Qb2 Be8 21. h3 a6 22. Ne4 f6 23. a3 Ne5 24. Rd4 Bc6 25. Rad1 Qc7 26. Qe2 b6 27. c5 Bd5 28. b4 Nc6 29. R4d2 b5 30. Nc3 Bxg2 31. Kxg2 Rxd2 32. Rxd2 Qe5 33. Rd3 a5 34. Qb2 Qb8 35. Rd7 Kf7 36. e4 Ne5 37. Rd4 Qa8 1/2-1/2

[Event "IECC Swiss-528.2"]
[Site "IECC email"]
[Date "2008.03.18"]
[Round "?"]
[White "St Arnaud, Pierre"]
[Black "Jordaan, Wayne"]
[Result "1/2-1/2"]
[WhiteElo "1702"]
[BlackElo "1805"]
[PlyCount "78"]
[EventDate "2008.??.??"]
[EventType "tourn (corr)"]
[EventRounds "1"]
[SourceTitle "Corr 2011"]
[Source "ChessBase"]
[SourceDate "2010.08.31"]
[SourceVersion "1"]
[SourceVersionDate "2010.08.31"]
[SourceQuality "1"]
[WhiteTeam "Canada"]
[BlackTeam "South Africa"]
[WhiteTeamCountry "CAN"]
[BlackTeamCountry "RSA"]

1. c4 Nf6 2. g3 c5 3. Bg2 e6 4. Nf3 d5 5. cxd5 exd5 6. d4 Nc6 7. 0-0 Be7 8. dxc5 Bxc5 9. Bg5 0-0 10. Qc2 b6 11. Nc3 Be6 12. Rac1 Rc8 13. a3 h6 14. Bxf6 Qxf6 15. e4 d4 16. Nd5 Bxd5 17. exd5 Ne5 18. Nxe5 Qxe5 19. Qd2 a5 20. b4 axb4 21. axb4 Bd6 22. Rc6 Rxc6 23. dxc6 Bc7 24. Re1 Qd6 25. b5 Rd8 26. Ra1 h5 27. Bf1 Re8 28. Ra4 Rd8 29. Bh3 g6 30. Ra7 Re8 31. Bf1 Kg7 32. Bc4 f6 33. h4 Qe5 34. Kf1 Re7 35. Ra8 Qc5 36. Qd3 f5 37. Ra4 Re4 38. Kg2 Re7 39. Ra8 Qe5 1/2-1/2

[Event "LSS SI-2007-0-00117"]
[Site "LSS email"]
[Date "2008.01.11"]
[Round "?"]
[White "St Arnaud, Pierre"]
[Black "Wicklund Hansen, Gunnar"]
[Result "1-0"]
[WhiteElo "1965"]
[BlackElo "1938"]
[PlyCount "111"]
[EventDate "2007.12.28"]
[EventType "tourn (corr)"]
[EventRounds "6"]
[EventCountry "GER"]
[SourceTitle "Corr 2011"]
[Source "ChessBase"]
[SourceDate "2010.08.31"]
[SourceVersion "1"]
[SourceVersionDate "2010.08.31"]
[SourceQuality "1"]

1. c4 c5 2. g3 Nc6 3. Nf3 g6 4. Bg2 Bg7 5. Nc3 e5 6. a3 Nge7 7. Rb1 a5 8. d3 0-0 9. Bg5 f6 10. Bd2 d6 11. 0-0 Be6 12. e4 Qd7 13. Nd5 Ra6 14. b4 axb4 15. axb4 cxb4 16. Ne1 f5 17. Nc2 fxe4 18. dxe4 Bg4 19. f3 Be6 20. Rf2 Ra7 21. Bg5 h6 22. Be3 Ra2 23. Rd2 Kh7 24. Rd3 Ra5 25. Ndxb4 Nxb4 26. Nxb4 Nc8 27. Nd5 Qc6 28. Bf1 Rf7 29. Rdb3 Ra8 30. Rb5 g5 31. Kh1 Ra3 32. Qc1 Ra4 33. Qd1 Ra3 34. Qc1 Ra4 35. Be2 Ra2 36. Qd1 Qd7 37. R5b3 Kh8 38. Nc3 Ra8 39. Rxb7 Qxb7 40. Rxb7 Rxb7 41. Kg2 Kh7 42. Qc2 Ra3 43. Nd5 Kh8 44. Kf2 Rab3 45. c5 dxc5 46. Qxc5 Nb6 47. Nc7 Na4 48. Qc6 Bg8 49. Nd5 Nb2 50. h4 Rb8 51. hxg5 hxg5 52. Bxg5 Nd3+ 53. Bxd3 Rxd3 54. Ne7 Bh7 55. g4 Ra3 56. Bf6 1-0

[Event "LSS CP-2007-P-00030"]
[Site "LSS email"]
[Date "2007.10.01"]
[Round "?"]
[White "Duro Sole, Ramon"]
[Black "St Arnaud, Pierre"]
[Result "0-1"]
[WhiteElo "1717"]
[BlackElo "1958"]
[PlyCount "136"]
[EventDate "2007.10.01"]
[EventType "tourn (corr)"]
[EventRounds "6"]
[EventCountry "GER"]
[SourceTitle "Corr 2011"]
[Source "ChessBase"]
[SourceDate "2010.08.31"]
[SourceVersion "1"]
[SourceVersionDate "2010.08.31"]
[SourceQuality "1"]

1. e4 e6 2. Qe2 c5 3. Nf3 Nc6 4. g3 e5 5. Bg2 Nf6 6. 0-0 d6 7. c3 Be7 8. Rd1 0-0 9. d4 exd4 10. cxd4 d5 11. exd5 Nxd4 12. Nxd4 cxd4 13. Rxd4 Bc5 14. Rd2 Re8 15. Qf1 Bf5 16. Nc3 Rc8 17. a3 a5 18. h3 Qc7 19. Kh2 h6 20. Re2 Bd7 21. Be3 Bxe3 22. Rxe3 Rxe3 23. fxe3 Re8 24. Re1 Re5 25. Qf4 Nh5 26. Qh4 Nf6 27. Qd4 Qd6 28. Rd1 b6 29. Rd3 Nh5 30. Qh4 Nf6 31. Qc4 Rg5 32. Qf4 Re5 33. a4 Nh5 34. Qf2 Nf6 35. Rd4 Qe7 36. d6 Qe6 37. Rd3 Qc4 38. Rd2 Qc5 39. Rd4 Re6 40. Qd2 Qe5 41. Ne4 Nxe4 42. Bxe4 h5 43. h4 Kf8 44. Qc3 g5 45. Bf3 Rf6 46. Bg2 gxh4 47. Rxh4 Qxc3 48. bxc3 Rxd6 49. Kg1 Rd1+ 50. Kf2 Rd2+ 51. Kf1 Ra2 52. Rxh5 Rxa4 53. Bd5 Ra3 54. Rh7 Be8 55. Ke2 Rxc3 56. Kd2 Rc5 57. e4 b5 58. Kd3 b4 59. Kd4 Rc3 60. g4 Rc8 61. g5 Rb8 62. Ke5 a4 63. g6 fxg6 64. Kf6 Rb6+ 65. Be6 Rxe6+ 66. Kxe6 Kg8 67. Re7 Bc6 68. Rc7 b3 0-1

[Event "IECC Swiss-528.1"]
[Site "IECC email"]
[Date "2007.08.20"]
[Round "?"]
[White "Csapo, Andras"]
[Black "St Arnaud, Pierre"]
[Result "0-1"]
[WhiteElo "1188"]
[BlackElo "1700"]
[PlyCount "46"]
[EventDate "2007.??.??"]
[EventType "swiss (corr)"]
[EventRounds "1"]
[SourceTitle "Corr 2011"]
[Source "ChessBase"]
[SourceDate "2010.08.31"]
[SourceVersion "1"]
[SourceVersionDate "2010.08.31"]
[SourceQuality "1"]
[WhiteTeam "Italy"]
[BlackTeam "Argentina"]
[WhiteTeamCountry "ITA"]
[BlackTeamCountry "ARG"]

1. Nf3 c5 2. d4 Nf6 3. dxc5 e6 4. Be3 Na6 5. Nc3 Nxc5 6. Bxc5 Bxc5 7. e3 0-0 8. Bd3 d5 9. 0-0 Bd7 10. a3 Qb6 11. b4 Bd6 12. Ne2 Rfc8 13. c3 e5 14. Bc2 e4 15. Nfd4 Bxh2+ 16. Kxh2 Ng4+ 17. Kg3 Qd6+ 18. Nf4 g5 19. Rh1 gxf4+ 20. exf4 Qg6 21. f5 Bxf5 22. Kf4 Bd7 23. Qe2 Qd6+ 0-1

[Event "IECG CP-2005-P-00063"]
[Site "IECG email"]
[Date "2005.10.01"]
[Round "?"]
[White "Jenkins, Forrest"]
[Black "St Arnaud, Pierre"]
[Result "0-1"]
[WhiteElo "800"]
[BlackElo "1974"]
[PlyCount "30"]
[EventDate "2005.??.??"]
[EventType "tourn (corr)"]
[EventRounds "6"]
[SourceTitle "Corr 2024"]
[Source "ChessBase"]
[SourceDate "2023.10.19"]
[SourceVersion "1"]
[SourceVersionDate "2023.10.19"]
[SourceQuality "1"]

1. d4 Nf6 2. Nc3 d5 3. Nf3 g6 4. h3 Bg7 5. Bf4 0-0 6. g4 c5 7. dxc5 Nc6 8. Ng5 e5 9. Bd2 e4 10. f3 h6 11. h4 Re8 12. Nh3 exf3 13. g5 Ng4 14. gxh6 Qxh4+ 15. Nf2 Qxf2# 0-1

[Event "IECG CP.2005.P.00063"]
[Site "IECG email"]
[Date "2005.10.01"]
[Round "?"]
[White "Tumer, Ozer"]
[Black "St Arnaud, Pierre"]
[Result "1-0"]
[WhiteElo "1600"]
[BlackElo "1974"]
[PlyCount "83"]
[EventDate "2005.10.01"]
[EventType "tourn (corr)"]
[EventRounds "6"]
[SourceTitle "Corr 2008"]
[Source "ChessBase"]
[SourceDate "2008.06.24"]
[SourceVersion "1"]
[SourceVersionDate "2008.06.24"]
[SourceQuality "1"]

1. d4 Nf6 2. c4 e6 3. Nf3 b6 4. g3 Ba6 5. b3 Bb4+ 6. Bd2 Be7 7. Bg2 c6 8. Bc3 d5 9. Ne5 Nfd7 10. Nxd7 Nxd7 11. Nd2 0-0 12. 0-0 f5 13. Rc1 Nf6 14. a4 Rc8 15. e3 c5 16. Re1 Qd7 17. dxc5 bxc5 18. Qc2 d4 19. exd4 cxd4 20. Bb2 Bc5 21. Qd3 Rfe8 22. Nf3 Bb7 23. Ne5 Qc7 24. Bxb7 Qxb7 25. f3 Rcd8 26. Rb1 Qc7 27. Ba1 a5 28. Rbd1 Bd6 29. Bxd4 Bb4 30. Qe3 Bxe1 31. Rxe1 Rd6 32. Bc5 Ra6 33. Bd4 Qb7 34. Re2 Rd8 35. Rd2 Rb8 36. Bc5 Rc8 37. Qd4 Re8 38. Rd3 Qc7 39. Kf1 Qb7 40. Kg2 Qc7 41. Bd6 Qb7 42. Ba3 1-0

[Event "IECG WC.2009.P.00026"]
[Site "IECG email"]
[Date "2005.02.28"]
[Round "?"]
[White "Schoenbach, Patrick"]
[Black "St Arnaud, Pierre"]
[Result "0-1"]
[WhiteElo "1311"]
[BlackElo "1933"]
[PlyCount "34"]
[EventDate "2005.02.28"]
[EventType "tourn (corr)"]
[EventRounds "6"]
[SourceTitle "Corr 2024"]
[Source "ChessBase"]
[SourceDate "2023.10.19"]
[SourceVersion "1"]
[SourceVersionDate "2023.10.19"]
[SourceQuality "1"]

1. e4 e6 2. d4 d5 3. Nd2 Be7 4. Bd3 c5 5. dxc5 Nf6 6. Qe2 0-0 7. Ngf3 a5 8. a4 Na6 9. e5 Nd7 10. Nb3 Naxc5 11. Nxc5 Nxc5 12. 0-0 Nxd3 13. cxd3 Bd7 14. Bd2 Qb6 15. Bc3 Rfc8 16. Qd2 Qa6 17. h3 Rc7 0-1

[Event "IECG CB.2004.0.00129 email"]
[Site "IECG email"]
[Date "2004.12.27"]
[Round "?"]
[White "Shishkin, Victor A"]
[Black "St Arnaud, Pierre"]
[Result "1/2-1/2"]
[WhiteElo "1900"]
[BlackElo "1932"]
[PlyCount "66"]
[EventDate "2004.12.27"]
[EventType "tourn (corr)"]
[EventRounds "6"]
[SourceTitle "Corr 2008"]
[Source "ChessBase"]
[SourceDate "2008.06.24"]
[SourceVersion "1"]
[SourceVersionDate "2008.06.24"]
[SourceQuality "1"]

1. d4 Nf6 2. c4 e6 3. Nc3 Bb4 4. e3 c5 5. Nf3 d6 6. Bd3 Bxc3+ 7. bxc3 Nc6 8. 0-0 h6 9. e4 e5 10. d5 Ne7 11. Nh4 g5 12. Qf3 Nh7 13. Nf5 Nxf5 14. exf5 Bd7 15. Qe2 Nf6 16. Rb1 b6 17. f4 gxf4 18. Bxf4 Qe7 19. Bg3 Kd8 20. a4 Bxa4 21. Qa2 Qe8 22. Bh4 Ke7 23. Qf2 Qg8 24. Rbe1 Qg7 25. Re3 Rhe8 26. Rh3 h5 27. Qe3 Rf8 28. Rg3 Qh8 29. Ra1 Bd7 30. Ra6 Bc8 31. Ra1 Bd7 32. Ra6 Bc8 33. Ra1 Bd7 1/2-1/2

[Event "IECG CB.2004.0.00127 email"]
[Site "IECG email"]
[Date "2004.12.10"]
[Round "?"]
[White "Myllyniemi, Sami"]
[Black "St Arnaud, Pierre"]
[Result "0-1"]
[WhiteElo "1850"]
[BlackElo "1932"]
[PlyCount "82"]
[EventDate "2004.12.10"]
[EventType "tourn (corr)"]
[EventRounds "6"]
[SourceTitle "Corr 2008"]
[Source "ChessBase"]
[SourceDate "2008.06.24"]
[SourceVersion "1"]
[SourceVersionDate "2008.06.24"]
[SourceQuality "1"]

1. e4 e6 2. d4 d5 3. e5 c5 4. c3 Nc6 5. Nf3 Qb6 6. a3 Nh6 7. b4 cxd4 8. cxd4 Nf5 9. Bb2 Bd7 10. Be2 Rc8 11. 0-0 Be7 12. Kh1 0-0 13. Nc3 Na5 14. Bd3 g6 15. Bxf5 gxf5 16. Qd3 Kh8 17. Bc1 Qc6 18. Ne2 Qc2 19. Qxc2 Rxc2 20. bxa5 Rxe2 21. Bg5 Bxg5 22. Nxg5 h6 23. Nf3 Bb5 24. Kg1 Rc8 25. h4 Rcc2 26. Rae1 Rb2 27. Rxe2 Bxe2 28. Rc1 Rb3 29. Nd2 Rd3 30. Rc2 Rxd4 31. Nb3 Rd1+ 32. Kh2 Bc4 33. Rb2 d4 34. Nc5 Re1 35. Nxb7 Re2 36. Rb4 Bd5 37. Nc5 Rxf2 38. Rxd4 Ra2 39. Nd7 Rxg2+ 40. Kh3 Re2 41. Rd1 f4 0-1

[Event "IECG CB.2004.0.00127 email"]
[Site "IECG email"]
[Date "2004.12.10"]
[Round "?"]
[White "St Arnaud, Pierre"]
[Black "Zatravkina, Ekaterina"]
[Result "1-0"]
[WhiteElo "1932"]
[BlackElo "1950"]
[PlyCount "48"]
[EventDate "2004.12.10"]
[EventType "tourn (corr)"]
[EventRounds "6"]
[SourceTitle "Corr 2008"]
[Source "ChessBase"]
[SourceDate "2008.06.24"]
[SourceVersion "1"]
[SourceVersionDate "2008.06.24"]
[SourceQuality "1"]

1. c4 e5 2. Nc3 Nf6 3. Nf3 Nc6 4. g3 Bb4 5. Bg2 0-0 6. 0-0 e4 7. Ng5 Bxc3 8. bxc3 Re8 9. Qc2 Qe7 10. d3 exd3 11. exd3 b6 12. Ne4 Nxe4 13. Bxe4 Bb7 14. Bf4 Nd8 15. Rae1 Bxe4 16. Rxe4 Ne6 17. Rfe1 c6 18. R4e2 Rac8 19. Bd2 d5 20. cxd5 cxd5 21. Qa4 Qb7 22. f4 b5 23. Qb4 Nc7 24. Rxe8+ Rxe8 1-0

[Event "IECG CB.2004.0.00127 email"]
[Site "IECG email"]
[Date "2004.12.10"]
[Round "?"]
[White "Westin, Ake"]
[Black "St Arnaud, Pierre"]
[Result "0-1"]
[WhiteElo "1983"]
[BlackElo "1932"]
[PlyCount "72"]
[EventDate "2004.12.10"]
[EventType "tourn (corr)"]
[EventRounds "6"]
[SourceTitle "Corr 2008"]
[Source "ChessBase"]
[SourceDate "2008.06.24"]
[SourceVersion "1"]
[SourceVersionDate "2008.06.24"]
[SourceQuality "1"]

1. f4 d5 2. Nf3 g6 3. e3 Bg7 4. d3 Nh6 5. Be2 c6 6. 0-0 0-0 7. Qe1 Nf5 8. c3 Nd6 9. Nbd2 Nd7 10. e4 dxe4 11. Nxe4 Qb6+ 12. Kh1 Nf6 13. Ng3 Rd8 14. Ne5 Be6 15. Bf3 Rac8 16. d4 c5 17. dxc5 Qxc5 18. Be3 Qa5 19. Bd4 Nd7 20. Nxd7 Rxd7 21. Bxg7 Kxg7 22. Rf2 Rcd8 23. Rd2 Nf5 24. Nxf5+ Qxf5 25. Rxd7 Rxd7 26. Qe3 b6 27. h3 Rd3 28. Qe2 Bd5 29. Bg4 Qe4 30. Qxe4 Bxe4 31. Rd1 Rg3 32. Rd2 h5 33. Kh2 h4 34. Rf2 Rd3 35. Bc8 f5 36. Ba6 Rd1 0-1

[Event "IECG CC.2004.0.00101 email"]
[Site "IECG email"]
[Date "2004.08.24"]
[Round "?"]
[White "Kalyoncuoglu, Ozgur"]
[Black "St Arnaud, Pierre"]
[Result "1/2-1/2"]
[WhiteElo "1744"]
[BlackElo "1600"]
[PlyCount "64"]
[EventDate "2004.08.24"]
[EventType "tourn (corr)"]
[EventRounds "6"]
[SourceTitle "Corr 2024"]
[Source "ChessBase"]
[SourceDate "2023.10.19"]
[SourceVersion "1"]
[SourceVersionDate "2023.10.19"]
[SourceQuality "1"]

1. d4 Nf6 2. c4 c5 3. d5 b5 4. cxb5 a6 5. bxa6 g6 6. Nc3 Bxa6 7. e4 Bxf1 8. Kxf1 d6 9. g3 Bg7 10. Kg2 Nbd7 11. Nf3 0-0 12. Qe2 Qa5 13. Bg5 h6 14. Bd2 Rab8 15. b3 Rfe8 16. h3 e6 17. dxe6 Rxe6 18. Qd3 Qa8 19. Rae1 Rbe8 20. Bf4 Nxe4 21. Nxe4 Rxe4 22. Rxe4 Rxe4 23. Qxd6 Rd4 24. Qe7 Ne5 25. Bxe5 Rd3 26. Rf1 Rxf3 27. Kg1 Qxa2 28. Bxg7 Kxg7 29. Qxc5 Qxb3 30. Qe5+ Kh7 31. Re1 Qb6 32. Re2 Rb3 1/2-1/2

[Event "IECG CC.2004.0.00101 email"]
[Site "IECG email"]
[Date "2004.08.24"]
[Round "?"]
[White "Wisham, Clyde"]
[Black "St Arnaud, Pierre"]
[Result "1/2-1/2"]
[WhiteElo "1614"]
[BlackElo "1600"]
[PlyCount "104"]
[EventDate "2004.08.24"]
[EventType "tourn (corr)"]
[EventRounds "6"]
[SourceTitle "Corr 2008"]
[Source "ChessBase"]
[SourceDate "2008.06.24"]
[SourceVersion "1"]
[SourceVersionDate "2008.06.24"]
[SourceQuality "1"]

1. d4 Nf6 2. Nf3 g6 3. Nc3 d5 4. Bf4 Bg7 5. e3 0-0 6. Be2 c5 7. Ne5 Nc6 8. 0-0 cxd4 9. exd4 Qb6 10. Nxc6 Qxc6 11. Bb5 Qb6 12. a4 a6 13. a5 Qd8 14. Bd3 b5 15. axb6 Qxb6 16. Be5 Qxb2 17. Na4 Qb7 18. Qe2 Qa7 19. Nc5 a5 20. Rfb1 Nd7 21. Bxg7 Kxg7 22. Qxe7 Nxc5 23. Qxc5 Be6 24. Rb5 a4 25. Qxa7 Rxa7 26. Ra3 Kf6 27. Kf1 Rd8 28. c3 Rd6 29. Rb4 Bd7 30. Ke2 h6 31. Kd2 Ke7 32. f3 g5 33. Bc2 Rda6 34. Ke3 Bc6 35. f4 f6 36. Kf3 Bd7 37. g3 Rc7 38. Ke3 Rc8 39. Rb7 Kd6 40. Bd3 Ra5 41. Rb6+ Bc6 42. Kf3 Kc7 43. Rb1 Bd7 44. Bc2 Re8 45. h4 Rb8 46. Rxb8 Kxb8 47. h5 Kc7 48. Ke3 Kb6 49. f5 Bb5 50. Kd2 Ra7 51. Bd1 Ra5 52. Bc2 Ra7 1/2-1/2